[Event "Piestany op-A"]
[Site "Piestany"]
[Date "2023.07.12"]
[Round "2"]
[White "O'Cuilleanain, Oisin"]
[Black "Arvind, Ramnath Iyer"]
[Result "1/2-1/2"]
[WhiteElo "2130"]
[BlackElo "1923"]
[PlyCount "96"]
[EventDate "2023.07.11"]
[EventType "swiss"]
[EventRounds "9"]
[EventCountry "SVK"]
[SourceTitle "EXT 2024"]
[Source "ChessBase"]
[SourceDate "2023.10.10"]
[SourceVersion "1"]
[SourceVersionDate "2023.10.10"]
[SourceQuality "1"]

1. c4 Nf6 2. Nc3 g6 3. Nf3 Bg7 4. g3 d6 5. Bg2 0-0 6. 0-0 c5 7. d3 Nc6 8. a3 a6 9. Rb1 Rb8 10. Nd2 Ne8 11. e3 Bd7 12. Qc2 b5 13. cxb5 axb5 14. b4 cxb4 15. axb4 Qc8 16. Nd5 e6 17. Qxc6 Bxc6 18. Ne7+ Kh8 19. Nxc8 Bxg2 20. Kxg2 Rxc8 21. Bb2 Bxb2 22. Rxb2 Nf6 23. Ra1 Ra8 24. Rba2 Rxa2 25. Rxa2 Nd5 26. d4 Nxb4 27. Rb2 Nc6 28. Rxb5 Rb8 29. Rxb8+ Nxb8 30. Kf3 d5 31. Nb3 Nc6 32. Ke2 Kg7 33. Kd2 Kf6 34. Kc3 Ke7 35. g4 f6 36. Nd2 Kd6 37. Nf3 g5 38. Nd2 e5 39. Nf3 e4 40. Nd2 Ne7 41. Kb4 f5 42. h3 fxg4 43. hxg4 Ng8 44. f3 Nf6 45. fxe4 dxe4 46. Kc4 Ke6 47. Kc5 Nxg4 48. Nc4 Nf6 1/2-1/2

[Event "Ceske Budejovice op-A"]
[Site "Ceske Budejovice"]
[Date "2023.07.09"]
[Round "9"]
[White "Vojtek, Pavel"]
[Black "Arvind, Ramnath Iyer"]
[Result "1/2-1/2"]
[WhiteElo "1761"]
[BlackElo "1923"]
[PlyCount "83"]
[EventDate "2023.07.01"]
[EventType "swiss"]
[EventRounds "9"]
[EventCountry "CZE"]
[SourceTitle "CBM 215 Extra"]
[Source "ChessBase"]
[SourceDate "2023.09.30"]
[SourceVersion "1"]
[SourceVersionDate "2023.09.30"]
[SourceQuality "1"]

1. Nf3 Nf6 2. c4 g6 3. d4 Bg7 4. g3 0-0 5. Bg2 d6 6. Nc3 c5 7. 0-0 Nc6 8. dxc5 dxc5 9. Be3 Be6 10. Bxc5 Qa5 11. Ba3 Bxc4 12. Nd4 Rfd8 13. Nxc6 bxc6 14. Qc2 Nd5 15. Nxd5 cxd5 16. Rac1 Qa6 17. Rfd1 e6 18. e3 Bxa2 19. Bf1 Qb7 20. b4 Bc4 21. Bxc4 dxc4 22. Rxd8+ Rxd8 23. Qxc4 Bf8 24. Qf4 Rc8 25. Rxc8 Qxc8 26. Bb2 Bg7 27. Bxg7 Kxg7 28. Qd4+ Kg8 29. Qxa7 Qc1+ 30. Kg2 Qc6+ 31. Kh3 Qb5 32. Qa8+ Kg7 33. Qa1+ Kf8 34. Qb1 Ke7 35. Kg2 Kd6 36. Kg1 Kc6 37. Qb2 Qf5 38. Qc3+ Kb5 39. Qd4 Qd5 40. Qf4 e5 41. Qh4 e4 42. Qe7 1/2-1/2

[Event "Ceske Budejovice op-A"]
[Site "Ceske Budejovice"]
[Date "2023.07.02"]
[Round "2"]
[White "Arvind, Ramnath Iyer"]
[Black "Borkovec, Milan"]
[Result "0-1"]
[WhiteElo "1923"]
[BlackElo "2156"]
[PlyCount "111"]
[EventDate "2023.07.01"]
[EventType "swiss"]
[EventRounds "9"]
[EventCountry "CZE"]
[SourceTitle "CBM 215 Extra"]
[Source "ChessBase"]
[SourceDate "2023.09.30"]
[SourceVersion "1"]
[SourceVersionDate "2023.09.30"]
[SourceQuality "1"]

1. e4 e5 2. Nc3 Nf6 3. f4 d5 4. fxe5 Nxe4 5. Qf3 Nxc3 6. bxc3 c5 7. Qg3 Nc6 8. Bb5 h6 9. Ne2 Qb6 10. a4 Be6 11. 0-0 0-0-0 12. Bxc6 Qxc6 13. Nf4 g5 14. Nxe6 fxe6 15. d4 Be7 16. Ba3 Rdf8 17. Rfb1 Rh7 18. Qd3 Rf5 19. Qb5 Qxb5 20. Rxb5 cxd4 21. Bxe7 Rxe7 22. cxd4 Rc7 23. Rab1 Rff7 24. R5b3 Rxc2 25. Rh3 Rh7 26. Rf3 Rc4 27. Rf6 Re7 28. Rxh6 Rxd4 29. Rg6 g4 30. a5 Re4 31. Rg8+ Kc7 32. Rc1+ Rc4 33. Rxc4+ dxc4 34. Rxg4 Kc6 35. Rxc4+ Kb5 36. Rc3 Kxa5 37. Ra3+ Kb6 38. h4 a6 39. Rd3 Rh7 40. g3 Kc5 41. Kf2 a5 42. Ke3 a4 43. Kd2 b5 44. Rd6 Ra7 45. Kc2 b4 46. Rd1 Kc4 47. h5 a3 48. g4 b3+ 49. Kb1 Kc3 50. Rc1+ Kd2 51. Rh1 a2+ 52. Kb2 a1Q+ 53. Rxa1 Rxa1 54. Kxb3 Kd3 55. g5 Rg1 56. g6 0-1

[Event "FISCA Online op"]
[Site "Chess.com INT"]
[Date "2020.06.21"]
[Round "3"]
[White "Arvind, Ramnath Iyer"]
[Black "Butuza, Stefan Aurelian"]
[Result "1-0"]
[WhiteElo "1602"]
[BlackElo "1228"]
[PlyCount "101"]
[EventDate "2020.06.19"]
[EventType "swiss"]
[EventRounds "9"]
[EventCountry "ROU"]
[SourceTitle "CBM 197 Extra"]
[Source "ChessBase"]
[SourceDate "2020.09.30"]
[SourceVersion "1"]
[SourceVersionDate "2020.09.30"]
[SourceQuality "1"]

1. e4 e5 2. Bc4 Nf6 3. d3 Bc5 4. Nc3 0-0 5. Nf3 d6 6. h3 h6 7. 0-0 Nc6 8. Be3 Bb6 9. d4 exd4 10. Nxd4 Nxd4 11. Bxd4 Be6 12. Bb3 c5 13. Bxf6 Qxf6 14. Bxe6 fxe6 15. Kh1 Rad8 16. Qg4 Qf4 17. Qxe6+ Kh8 18. Rad1 Qe5 19. Qxe5 dxe5 20. Rxd8 Rxd8 21. Rd1 Rxd1+ 22. Nxd1 c4 23. Kg1 g5 24. Kf1 Kg7 25. Ke2 h5 26. Ne3 Bxe3 27. Kxe3 Kf6 28. Kd2 b5 29. Kc3 a5 30. a4 bxa4 31. Kxc4 Ke6 32. Kb5 Kd6 33. Kxa4 Kc5 34. Kxa5 Kd4 35. b4 Kxe4 36. b5 Kf4 37. b6 g4 38. b7 g3 39. b8Q gxf2 40. Qf8+ Kg3 41. Qf3+ Kh4 42. Qxf2+ Kg5 43. c4 h4 44. c5 e4 45. c6 e3 46. Qxe3+ Kh5 47. c7 Kg6 48. c8Q Kg7 49. Qf5 Kg8 50. Qe7 Kh8 51. Qff8# 1-0

[Event "FISCA Online op"]
[Site "Chess.com INT"]
[Date "2020.06.20"]
[Round "2"]
[White "Chasin, Nico Werner"]
[Black "Arvind, Ramnath Iyer"]
[Result "1-0"]
[WhiteElo "2303"]
[BlackElo "1602"]
[PlyCount "125"]
[EventDate "2020.06.19"]
[EventType "swiss"]
[EventRounds "9"]
[EventCountry "ROU"]
[SourceTitle "CBM 197 Extra"]
[Source "ChessBase"]
[SourceDate "2020.09.30"]
[SourceVersion "1"]
[SourceVersionDate "2020.09.30"]
[SourceQuality "1"]

1. e4 c5 2. Nf3 d6 3. d4 cxd4 4. Nxd4 Nf6 5. Nc3 g6 6. Bc4 Bg7 7. f3 0-0 8. Be3 Nc6 9. Qd2 Bd7 10. 0-0-0 Qa5 11. Bb3 Rfc8 12. Kb1 Ne5 13. Nd5 Qxd2 14. Rxd2 Nxd5 15. Bxd5 Nc4 16. Bxc4 Rxc4 17. c3 b5 18. Nc2 a5 19. Bd4 Bh6 20. Be3 Bg7 21. Bg5 Kf8 22. Ne3 Rc5 23. Nd5 f6 24. Nb6 Rd8 25. Be3 Rc6 26. Nxd7+ Rxd7 27. Rd5 Rb7 28. Rc1 e6 29. Rd3 Ke7 30. h4 b4 31. cxb4 Rxc1+ 32. Bxc1 Rxb4 33. Bd2 Rb5 34. Rb3 Rh5 35. Rb7+ Kf8 36. Be1 f5 37. exf5 Rxf5 38. Ra7 Rd5 39. Bxa5 Rd1+ 40. Kc2 Rg1 41. g4 Rg2+ 42. Bd2 Be5 43. Kd3 Bf6 44. Rxh7 Bxb2 45. a4 Rf2 46. f4 Bg7 47. h5 Rf3+ 48. Ke2 Ra3 49. h6 Bd4 50. a5 e5 51. f5 gxf5 52. gxf5 e4 53. Rd7 Be5 54. h7 e3 55. Bb4 Ra2+ 56. Kxe3 Rh2 57. a6 Rh3+ 58. Ke4 Rh4+ 59. Kd5 Rxb4 60. Ke6 Rb8 61. a7 Re8+ 62. Kd5 Rc8 63. Rb7 1-0

[Event "Anti Cheating Blitz Cup"]
[Site "Chess.com INT"]
[Date "2020.05.20"]
[Round "10"]
[White "Arvind, Ramnath Iyer"]
[Black "Fornaciari, Alberto"]
[Result "1-0"]
[WhiteElo "1602"]
[BlackElo "1717"]
[PlyCount "81"]
[EventDate "2020.05.20"]
[EventType "swiss (blitz)"]
[EventRounds "11"]
[EventCountry "USA"]
[SourceTitle "CBM 196 Extra"]
[Source "ChessBase"]
[SourceDate "2020.07.31"]
[SourceVersion "1"]
[SourceVersionDate "2020.07.31"]
[SourceQuality "1"]

1. e4 c5 2. c3 Nf6 3. e5 Nd5 4. d4 cxd4 5. cxd4 e6 6. Nf3 d6 7. Bc4 dxe5 8. dxe5 Bb4+ 9. Bd2 Bc5 10. 0-0 0-0 11. Nc3 Nxc3 12. Bxc3 Qb6 13. Qe2 Nc6 14. a3 a6 15. Rfd1 Qa7 16. b4 Bb6 17. Rd2 Bc7 18. Rad1 b5 19. Bd3 g6 20. Be4 Bb7 21. Rd7 Rac8 22. Qd2 Rfd8 23. Rxd8+ Rxd8 24. Qe2 Rxd1+ 25. Qxd1 Kg7 26. Qd7 Qb6 27. Ng5 Nxe5 28. Bxe5+ Bxe5 29. Qxf7+ Kh6 30. Qxh7+ Kxg5 31. Qxb7 Qd4 32. h4+ Kf6 33. g3 Qd1+ 34. Kg2 Qb3 35. Qxa6 Qc4 36. Bf3 Kf5 37. Qc6 Qd3 38. g4+ Kf6 39. g5+ Kf5 40. Qc5 Qd4 41. Qf8+ 1-0

[Event "Anti Cheating Blitz Cup"]
[Site "Chess.com INT"]
[Date "2020.05.20"]
[Round "1"]
[White "Arvind, Ramnath Iyer"]
[Black "Maltsevskaya, Aleksandra"]
[Result "1/2-1/2"]
[WhiteElo "1602"]
[BlackElo "2272"]
[PlyCount "152"]
[EventDate "2020.05.20"]
[EventType "swiss (blitz)"]
[EventRounds "11"]
[EventCountry "USA"]
[SourceTitle "CBM 196 Extra"]
[Source "ChessBase"]
[SourceDate "2020.07.31"]
[SourceVersion "1"]
[SourceVersionDate "2020.07.31"]
[SourceQuality "1"]

1. e4 c5 2. c3 g6 3. d4 cxd4 4. cxd4 d5 5. Nc3 dxe4 6. Nxe4 Bg7 7. Nf3 Nc6 8. Bb5 Qa5+ 9. Nc3 Bg4 10. 0-0 a6 11. Bxc6+ bxc6 12. Be3 Nf6 13. h3 Be6 14. Ne5 Rc8 15. Rc1 0-0 16. a3 Rfd8 17. Qa4 Qxa4 18. Nxa4 Nd5 19. Nxc6 Rxc6 20. Rxc6 Bd7 21. Rxa6 Bb5 22. Ra5 Bxf1 23. Kxf1 e6 24. Nc5 Rb8 25. b4 Bf8 26. Ke2 Nc3+ 27. Kd3 Nd5 28. Nd7 Rd8 29. Nxf8 Kxf8 30. Ra7 Rc8 31. Ra5 Rc3+ 32. Kd2 Rb3 33. b5 Ke7 34. b6 Nxb6 35. a4 Nc4+ 36. Kc2 Rb7 37. Rc5 Na3+ 38. Kc3 Kd7 39. Bf4 Nb1+ 40. Kc2 Na3+ 41. Kc3 Ra7 42. Kb4 Nb1 43. Rc1 Rb7+ 44. Kc4 Na3+ 45. Kc3 e5 46. Bxe5 f6 47. Bxf6 Rc7+ 48. Kd2 Nc4+ 49. Kd1 Rc6 50. Be5 Nb2+ 51. Kd2 Nc4+ 52. Kd1 Nb2+ 53. Kd2 Nxa4 54. Rxc6 Kxc6 55. Ke3 Kd5 56. Kf4 Nb2 57. Kg5 Nd3 58. Kh6 Ke6 59. Kxh7 Kf5 60. Kh6 Nxf2 61. Bg3 Ne4 62. d5 Nxg3 63. d6 Ke6 64. Kxg6 Kxd6 65. Kg5 Ne4+ 66. Kf4 Kd5 67. g4 Nd6 68. g5 Ke6 69. h4 Kf7 70. Ke5 Ne8 71. Kf5 Ng7+ 72. Kg4 Kg6 73. h5+ Nxh5 74. Kh4 Ng7 75. Kg3 Ne6 76. Kg4 Nxg5 1/2-1/2